• 首页
  • 本馆介绍
  • 公告通知
  • 最新文献
  • 馆藏检索
  • 电子资源
  • 读者导购
  • 参考咨询
  • 我的图书馆
  • 登录
  • 详细信息显示
  • 放入我的书架
  • 预约/预借图书
  • 作者相关作品
  • 分类相关作品
  • 丛书相关作品
  • 出版社相关作品

书目信息

  • 表格格式
  • 工作单格式
  • 卡片格式
题名:
汉语谚语词典
    
 
作者: 孟守介 编著
分册:  
出版信息: 北京   北京大学出版社  1990.01
页数: 634页
开本: 21cm
丛书名:
单 册:
中图分类: I276.7-61
科图分类:
主题词: 谚语--中国--词典--古代
电子资源:
ISBN: 7-301-00695-0
000 00571nam0 2200193 45
001 0412291110
005 20050414093405.3
010    @a7-301-00695-0@b精装@dCNY14.45
100    @a20041229d1990 km y0chiy0120 ea
101 0  @achi
105    @a z 000yy
200 1  @a汉语谚语词典@AHan Yu Yan Yu Ci Dian@f孟守介等编著@FMeng Shou Jie DengBian Zhu
210    @a北京@c北京大学出版社@d1990.01
215    @a634页@d21cm
606 0  @a谚语@x中国@x词典@z古代
690    @aI276.7-61@v3
701  0 @a孟守介@4编著
801    @aCN@bPftUser@c20041229
905    @dI276.7-61@e55@b251624@f1
    
    汉语谚语词典/孟守介等编著.-北京:北京大学出版社,1990.01
    634页;21cm
    
    
    ISBN 7-301-00695-0(精装):CNY14.45
    
●
相关链接 在E读中查询图书 在五车中查询图书 在当当中查询图书 在豆瓣中查询图书


正题名:汉语谚语词典     索取号:I276.7-61/55         预约/预借

序号 登录号 条形码 馆藏地/架位号 状态 备注
1 0227363   001970745   第二借阅区/ [索取号:I276.7-61/55] 在馆    
2 0227364   202114915   第一样本阅览室/ [索取号:I276.7-61/55] 在馆    
3 0251624   001993490   工具书阅览室/ [索取号:I276.7-61/55] 在馆    
唐山师范学院图书馆 欢迎您!
大连网信软件有限公司© 版权所有